LIBRARY & INFORMATION CENTRE, KCAET, TAVANUR

ONLINE PUBLIC ACCESS CATALOGUE (OPAC)

Theory and problems of Vector analysis / (Record no. 10700)

MARC details
000 -LEADER
fixed length control field 00542cam a2200205ua 4500
020 ## - INTERNATIONAL STANDARD BOOK NUMBER
ISBN 0 07 099009 3
041 ## - LANGUAGE CODE
Language code of text/sound track or separate title eng
082 ## - DEWEY DECIMAL CLASSIFICATION NUMBER
Classification number 515.63
Item number SPI/TH
100 ## - MAIN ENTRY--AUTHOR NAME
Personal name Spiegel, Murray R .
245 ## - TITLE STATEMENT
Title Theory and problems of Vector analysis /
250 ## - EDITION STATEMENT
Edition statement 1 /
260 ## - PUBLICATION, DISTRIBUTION, ETC. (IMPRINT)
Place of publication New York :
Name of publisher McGraw Hill Book Company ,
Year of publication 1959.
300 ## - PHYSICAL DESCRIPTION
Number of Pages 225 ; .
500 ## - GENERAL NOTE
General note 18349,18348, 18350 CSS
942 ## - ADDED ENTRY ELEMENTS (KOHA)
Koha item type Books
Holdings
Withdrawn status Lost status Damaged status Home library Current library Date acquired Full call number Accession Number Koha item type
      KAUAET KAUAET 07/04/2012 515.63 18349 Books
      KAUAET KAUAET 07/04/2012 515.63 18348 Books
      KAUAET KAUAET 07/04/2012 515.63 18350 Books
      KAUAET KAUAET 10/07/2014 515.63 SPI/TH 16857 Books
free website counter